000
00292nam a22001337a 4500
008
180926b xxu||||| |||| 00| 0 eng d
020
_a
9780195169218
041
_a
eng
080
_a
821
100
_a
22
101
_a
GJU
245
_a
British Literature
_c
Kastan.d.s
942
_2
udc
_c
BK
999
_c
48468
_d
48468